Statystyki dla 10 losowych państw na mapie #2

Kliknij tutaj aby rozwiązać quiz!

Ogólne statystyki

  • Ten quiz został rozwiązany 23 razy
  • Średni wynik to 8 z 10

Odpowiedzi na mapie

Odpowiedzi skodowane kolorowo w zielono-czerwonej skali na mapie do tego quizu, zgodnie z poniższymi procentami.
 

Statystyki odpowiedzi

Odpowiedź% Poprawnych
Panama
95%
Belize
89%
Malezja
89%
Gabon
84%
Japonia
84%
Oman
84%
Sudan Południowy
84%
Uganda
84%
Tadżykistan
79%
Uzbekistan
58%

Rozkład punktacji

Percentyl według liczby udzielonych odpowiedzi

Procent ludzi z każdym wynikiem

Twoja historia wyników

Nie rozwiązałeś tego quizu